Find the name of these logos (l put the last one for fun) - Statistics

General Stats
  • This quiz has been taken 422 times
  • The average score is 12 of 15
Answer Stats
Picture Answer % Correct
apple
99%
google
98%
nike
97%
ford
96%
KFC
95%
mcdonalds
95%
bmw
93%
pepsi
91%
youtube
87%
playstation
83%
android
80%
dunkin donuts
80%
snapchat
78%
corona virus
39%
alfa romeo
30%
No matching quizzes found
Score Distribution
Percent of People with Each Score
Percentile by Number Answered
Your Score History
You have not taken this quiz